Competition and relative prices when the exchange rate changes: evidence from exporting companies
Gespeichert in:
| 1. Verfasser: | |
|---|---|
| Weitere Verfasser: | |
| Format: | Buchkapitel |
| Sprache: | Englisch |
| Schlagworte: | |
| Tags: |
Keine Tags, Fügen Sie das erste Tag hinzu!
|
MARC
| LEADER | 00000naa$a2200000$$$4500 | ||
|---|---|---|---|
| 001 | 0075153 | ||
| 005 | 20231010112251.1 | ||
| 041 | 0 | |a eng | |
| 044 | |a CZ | ||
| 245 | 1 | 0 | |a Competition and relative prices when the exchange rate changes: evidence from exporting companies |c Jiří Podpiera, Marie Raková |
| 610 | 2 | 0 | |a kurz výmenný |
| 610 | 2 | 0 | |a ceny |
| 610 | 2 | 0 | |a vývoz |
| 610 | 2 | 0 | |a konkurencia |
| 100 | 1 | |a Podpiera, Jiří | |
| 700 | 1 | |a Raková, Marie | |